La evolución del capital social en Colombia, 1997-2005 (Registro nro. 184761)
[ vista simple ]
| 000 -ENCABEZADO | |
|---|---|
| Número de control [NR] | 00947cad a2200217 a 4500 |
| 005 - FECHA Y HORA DE LA ÚLTIMA TRANSACCIÓN | |
| control field | 20140903175030.0 |
| 008 - DE LONGITUD FIJA DE DATOS DE ELEMENTOS - INFORMACIÓN GENERAL | |
| Elementos de longitud fija [NR] | 140211s2008 ck d frn 000 0 spa d |
| 020 ## - NUMERO INTERNACIONAL NORMALIZADO PARA LIBROS [R] | |
| Número Internacional Normalizado del libro [NR] | 9789584416247 |
| 040 ## - FUENTE DE CATALOGACION [NR] | |
| Agencia de catalogación original [NR] | CO-BoUCM |
| Idioma de catalogación [NR] | spa |
| Quien Cataloga | |
| Quien Clasifica | |
| 041 0# - CODIGO DE IDIOMA [R] | |
| Código de idioma para texto/pista de sonido o título separado [R] | Español |
| 100 1# - ASIENTO PRINCIPAL--NOMBRE PERSONAL [NR] | |
| Nombre personal [NR] | Sudarsky Rosenbaum, John |
| Fechas asociadas con el nombre [NR] | 1947- |
| ID Autoridad | 55514 |
| 245 13 - MENCION DE TITULO [NR] | |
| Título [NR] | La evolución del capital social en Colombia, 1997-2005 |
| Parte restante del título [NR] | los cambios en el capital social (Ksocial), confianza y control indirecto del estado (Confíe) y fe en fuentes de información no validadas (Fenoval) |
| Mención de responsabilidad, etc. [NR] | John Sudarsky Rosenbaum |
| 260 ## - PUBLICACION, DISTRIBUCION, ETC. (PIE DE IMPRENTA) [R] | |
| Lugar de publicación, distribución, etc. [R] | Bogotá |
| Nombre del editor, distribuidor, etc. [R] | Cargraphics S.A. |
| Fecha de publicación, distribución, etc. [R] | 2007 |
| 300 ## - DESCRIPCION FISICA [R] | |
| Extensión [R] | 362 páginas |
| Otros detalles físicos [NR] | tablas, gráficos y diagramas |
| 650 #4 - ASIENTO SECUNDARIO DE MATERIA - TERMINO TEMATICO [R] | |
| Término temático o nombre geográfico como elemento de entrada [NR] | Capital social |
| Subdivisión geográfica [R] | Colombia |
| 9 (RLIN) | 55515 |
| 650 #4 - ASIENTO SECUNDARIO DE MATERIA - TERMINO TEMATICO [R] | |
| Término temático o nombre geográfico como elemento de entrada [NR] | Interacción social |
| Subdivisión geográfica [R] | Colombia |
| 9 (RLIN) | 48520 |
| 690 ## - ASUNTO AGREGADO LOCAL DE ENTRADA - TÉRMINO TEMÁTICO (OCLC, RLIN) | |
| 9 (RLIN) | 42914 |
| Acceso temático local | Sociología |
| 710 ## - ASIENTO SECUNDARIO - NOMBRE CORPORATIVO [R] | |
| Nombre corporativo o de jurisdicción como elemento de entrada [NR] | Fundación Antonio Restrepo Barco |
| 9 (RLIN) | 55517 |
| 942 ## - ELEMENTOS DE ENTRADA AGREGADOS (KOHA) | |
| Tema principal | Sociología |
| Tipo de ítem principal el descrito en 300a | Libro |
| Edición | 1 |
| Parte restante de la signatura top. | S943 |
| Sistema de clasificación | DEWEY |
| Clasificación | 302.4 |
| Total préstamos | Signatura topográfica | Código de barras | Última vez visto | Ejemplar | Costo de reposición | Price effective from | Tipo de ítem | Perdido | Sistema de clasificación | Dañado | No prestable | Tipo de ítem específico | Suprimido | Ubicación habitual | Ubicación actual | Localización | Fecha de creación | Proveedor | Forma de adquisición | Costo |
|---|---|---|---|---|---|---|---|---|---|---|---|---|---|---|---|---|---|---|---|---|
| 302.4 S943 | 100138820 | 09/12/2025 | Ej.1 | 26000.00 | 14/01/2014 | Libro | DEWEY | Libro | Claustro | Claustro | 2do piso | 14/01/2014 | 12 | Donación | 0.00 |